プロ野球スピリッツA【プロスピA】 守備適性A以上の選手名 - Statistics

General Stats
  • This quiz has been taken 445 times
    138 since last reset
  • The average score is 27 of 50
Answer Stats
球団名 ポジション・守備適性 選手名 % Correct
巨人 ショートA(82) 坂本勇人
88%
広島 セカンドA(88) 菊池涼介
87%
阪神 センターA(83) 近本光司
85%
巨人 サードA(80) 長嶋茂雄
84%
オリックス センターA(84)ライトS(91) センターA(86) ライトS(90) イチロー
82%
西武 ショートA(88) 源田壮亮
82%
ヤクルト キャッチャーA(89) 古田敦也
81%
阪神 センターA(88) 新庄剛志
76%
日本ハム センターA(87) SHINJO
76%
阪神 セカンドA(81)センターA(81) 大和
71%
DeNA セカンドA(80)ショートA(80) センターA(80) 大和
71%
ヤクルト レフトA(84)センターA(89) ライトA(84) 飯田哲也
70%
中日 セカンドA(83) 荒木雅博
70%
中日 ショートA(82) 井端弘和
69%
ロッテ ショートA(87) 小坂誠
69%
西武 センターA(83) 秋山幸二
67%
西武 センターA(81) 秋山翔吾
67%
DeNA センターA(81) 桑原将志
63%
ソフトバンク ショートA(80) 今宮健太
63%
中日 ライトA(82) 福留孝介
58%
楽天 センターA(82) 辰己涼介
57%
DeNA ショートA(80) 石井琢朗
56%
ヤクルト ショートA(84) 宮本慎也
55%
西武 キャッチャーA(86) 伊東勤
53%
西武 セカンドA(81) 外崎修汰
52%
阪神 セカンドA(82) 平野恵一
51%
ヤクルト セカンドA(80) 田中浩康
51%
オリックス セカンドA(81) 平野恵一
51%
広島 センターA(84) 丸佳浩
49%
ロッテ センターA(86) 岡田幸文
48%
日本ハム センターA(80) 西川遥輝
46%
楽天 セカンドA(82) 藤田一也
46%
オリックス レフトA(87)センターA(84) ライトA(84) 田口壮
45%
ヤクルト ショートA(80) 長岡秀樹
43%
ロッテ セカンドA(80) 中村奨吾
43%
中日 センターA(82) 大島洋平
42%
中日 セカンドA(81) 高木守道
41%
オリックス ショートA(82) 安達了一
41%
日本ハム ショートA(83) 中島卓也
38%
西武 セカンドA(86) 辻発彦
35%
中日 ショートA(82) 京田陽太
34%
DeNA センターA(82) 神里和毅
33%
日本ハム ライトA(81) 大田泰示
29%
日本ハム センターA(80) 陽岱鋼
28%
オリックス センターA(80)ライトA(80) 駿太
27%
ソフトバンク ライトA(80) 上林誠知
26%
オリックス ライトA(80) 簑田浩二
25%
阪神 ショートA(82) 久慈照嘉
23%
オリックス センターA(81) 福本豊
23%
ソフトバンク センターA(81) 広瀬叔功
21%
No matching quizzes found
Score Distribution
Percent of People with Each Score
Percentile by Number Answered
Your Score History
You have not taken this quiz since the last reset